Cattle raising for draugt power at koh oukgnatey commune ksack kandal district kandal province, (ការចិញ្ចឹមគោជាកំលំាងអូសទាញ នៅឃុំកោះឧកញ៉ាតី ស្រុកខ្សាច់កណ្ដាល ខេត្តកណ្ដាល) (Record no. 2744)

000 -LEADER
fixed length control field 00676nam a22001577a 4500
003 - CONTROL NUMBER IDENTIFIER
control field OSt
005 - DATE AND TIME OF LATEST TRANSACTION
control field 20151026154145.0
008 - FIXED-LENGTH DATA ELEMENTS--GENERAL INFORMATION
fixed length control field 151026b xxu||||| |||| 00| 0 eng d
040 ## - CATALOGING SOURCE
Transcribing agency RUA
082 ## - DEWEY DECIMAL CLASSIFICATION NUMBER
Classification number VMF DON 2003 B112 Or.1
100 ## - MAIN ENTRY--PERSONAL NAME
9 (RLIN) 2927
Personal name DUONG SODEN
245 ## - TITLE STATEMENT
Title Cattle raising for draugt power at koh oukgnatey commune ksack kandal district kandal province, (ការចិញ្ចឹមគោជាកំលំាងអូសទាញ នៅឃុំកោះឧកញ៉ាតី ស្រុកខ្សាច់កណ្ដាល ខេត្តកណ្ដាល)
260 ## - PUBLICATION, DISTRIBUTION, ETC. (IMPRINT)
Place of publication, distribution, etc. Phnom Penh
Name of publisher, distributor, etc. Rua
Date of publication, distribution, etc. 2003
300 ## - PHYSICAL DESCRIPTION
Extent viii; 45p.
Other physical details ill.
Dimensions 29cm.
942 ## - ADDED ENTRY ELEMENTS (KOHA)
Source of classification or shelving scheme
Koha item type VTF
Holdings
Price effective from Date last seen Permanent Location Not for loan Date acquired Source of classification or shelving scheme Koha item type Barcode Lost status Damaged status Shelving location Withdrawn status Current Location Full call number
2015-10-262015-10-26Library Block B 2015-10-26 VTFRUA016599  B112 Library Block BVTF DUO 2003 B112 Or.1
2015-10-262015-10-26Library Block B 2015-10-26 VTFRUA016887  B112 Library Block BVTF DUO 2003 B112 Or.2
មជ្ឈមណ្ឌលឯការនៃសាកលវិទ្យាល័យភូមិន្ទកសិកម្មចំការដូង

Powered by Koha